Ikonomikata na Balgarija do 1995 godina.

Národná ekonomika r. 1992. Očakávané zmeny v makroekonomických parametroch a v makroekonomickej politike do r. 1995. Vzťahy medzi zmenami HDP, nezamestnanosťou a infláciou, medzi infláciou a nezamestnanosťou a medzi rastom HDP, nezamestnanosťou a infláciou na jednej strane a platobnou bilanciou a za...

Descrizione completa

Salvato in:
Dettagli Bibliografici
Natura: Capitolo di libro
Lingua:bulgaro
Soggetti:
Tags: Aggiungi Tag
Nessun Tag, puoi essere il primo ad aggiungerne!!

MARC

LEADER 00000naa a2200000 4500
001 r011514
005 20221125114954.9
041 0 |a bul 
044 |a BG 
245 1 0 |a Ikonomikata na Balgarija do 1995 godina. 
520 |a Národná ekonomika r. 1992. Očakávané zmeny v makroekonomických parametroch a v makroekonomickej politike do r. 1995. Vzťahy medzi zmenami HDP, nezamestnanosťou a infláciou, medzi infláciou a nezamestnanosťou a medzi rastom HDP, nezamestnanosťou a infláciou na jednej strane a platobnou bilanciou a zahraničným dlhom na strane druhej. Kritika vybranej cesty transformácie. 
610 2 0 |a hospodárstvo národné 
610 2 0 |a BR 
610 2 0 |a 1992 
610 2 0 |a ukazovatele ekonomické 
610 2 0 |a makroekonomika 
610 2 0 |a 1995 
610 2 0 |a rozpočet štátny 
610 2 0 |a produkt domáci hrubý 
610 2 0 |a nezamestnanosť 
610 2 0 |a inflácia 
610 2 0 |a zadlženosť zahraničná 
610 2 0 |a politika hospodárska 
610 2 0 |a politika menová